LEADER 00959nam a22002531i 4500 001 991001418579707536 005 20031116125956.0 008 040407s1922 it |||||||||||||||||ita 035 $ab12767323-39ule_inst 035 $aARCHE-074695$9ExL 040 $aDip.to Scienze Storiche$bita$cA.t.i. Arché s.c.r.l. Pandora Sicilia s.r.l. 082 04$a709.45 100 1 $aFilippini, Francesco$0163824 245 10$aErcole da Ferrara 260 $aFirenze :$bIstituto di edizioni artistiche F.lli Alinari,$c1922 300 $a19 p. ;$c16 cm 440 0$aPiccola collezione d'arte ;$v34 600 14$aEste, Ercole :$cdi 907 $a.b12767323$b02-04-14$c16-04-04 912 $a991001418579707536 945 $aLE009 LA MON E 3 (Fondo Bottari) $g1$i2009000115422$lle009$o-$pE0.00$q-$rn$so $t0$u0$v0$w0$x0$y.i13308956$z16-04-04 996 $aErcole da Ferrara$9294687 997 $aUNISALENTO 998 $ale009$b16-04-04$cm$da $e-$fita$git $h0$i1